000 00558nam a2200145Ia 4500
008 151213s9999 xx 000 0 und d
100 _aআনওয়ার খান।
245 _aচিরঞ্জীব ওসমানী।
_cআনওয়ার খান।
260 _aসিলেট।
_bজে: ওসমানী স্মারক গ্রন্থ পরিষদ।
_c1979
300 _a8672 p.
650 _aBangla
650 _aস্মারক গ্রন্থ।
700 _aআনওয়ার খান।
999 _c4458
_d4458